[Event "Helsingor Xtracon op"]
[Site "Helsingor"]
[Date "2016.07.31"]
[Round "10"]
[White "Nielsen, Morten"]
[Black "Van den Brink, Nienke"]
[Result "1-0"]
[WhiteElo "1965"]
[BlackElo "1612"]
[PlyCount "117"]
[EventDate "2016.07.23"]
[EventType "swiss"]
[EventRounds "10"]
[EventCountry "DEN"]
[SourceTitle "CBM 173 Extra"]
[Source "ChessBase"]
[SourceDate "2016.08.29"]
[SourceVersion "1"]
[SourceVersionDate "2016.08.29"]
[SourceQuality "1"]

1. e4 e6 2. d4 d5 3. Nd2 Nf6 4. e5 Nfd7 5. Bd3 c5 6. c3 Nc6 7. Ne2 Be7 8. Nf3 a6 9. h4 b5 10. Nf4 b4 11. Rh3 Qb6 12. Be3 a5 13. Rg3 g6 14. Qd2 Ba6 15. Ng5 Bxg5 16. hxg5 Bxd3 17. Qxd3 c4 18. Qc2 Rb8 19. 0-0-0 a4 20. cxb4 Qxb4 21. Bd2 Qb5 22. Ne2 Nb4 23. Bxb4 Qxb4 24. Ra3 Nb6 25. Rh1 Ke7 26. Qc3 Qxc3+ 27. Rxc3 Rb7 28. Rh6 Nd7 29. Nf4 Rhb8 30. Rc2 Nf8 31. f3 Rb4 32. Nh3 R4b6 33. Nf2 Ra8 34. a3 Rb3 35. Rh4 Rab8 36. Nd1 R8b7 37. Nc3 Ra7 38. g4 Ra8 39. f4 Ra7 40. Rf2 Ra8 41. Rh3 Rab8 42. Rhf3 Ra8 43. f5 Kd7 44. fxg6 Nxg6 45. Rxf7+ Kc6 46. Rxh7 Rab8 47. Rf6 Nf8 48. Rh8 Rxb2 49. Rfxf8 R8b3 50. Rf7 Rg2 51. Rc8+ Kb6 52. Nxa4+ Ka5 53. Ra8+ Kb5 54. Rb7+ Kc6 55. Rxb3 cxb3 56. Nc5 b2+ 57. Kb1 Rxg4 58. Nxe6 Kd7 59. Ra6 1-0

[Event "Helsingor Xtracon op"]
[Site "Helsingor"]
[Date "2016.07.30"]
[Round "9"]
[White "Burrows, Martin P"]
[Black "Nielsen, Morten"]
[Result "1-0"]
[WhiteElo "2149"]
[BlackElo "1965"]
[PlyCount "63"]
[EventDate "2016.07.23"]
[EventType "swiss"]
[EventRounds "10"]
[EventCountry "DEN"]
[SourceTitle "CBM 173 Extra"]
[Source "ChessBase"]
[SourceDate "2016.08.29"]
[SourceVersion "1"]
[SourceVersionDate "2016.08.29"]
[SourceQuality "1"]

1. e4 Nf6 2. e5 Nd5 3. d4 d6 4. c4 Nb6 5. exd6 exd6 6. Nc3 Be7 7. Bd3 Nc6 8. Nge2 Bg4 9. Be3 0-0 10. b3 Bf6 11. Qd2 Re8 12. 0-0 Nb4 13. Bb1 Bxe2 14. Nxe2 c5 15. a3 Nc6 16. Ra2 Qe7 17. d5 Ne5 18. h3 g6 19. Ng3 a5 20. a4 Bg7 21. Ne4 Qf8 22. Kh1 h6 23. Nc3 f5 24. Nb5 Rec8 25. f4 Ned7 26. g4 fxg4 27. hxg4 Nb8 28. Qd3 Qe7 29. Bf2 Rf8 30. Re2 Qf6 31. Bg3 Na6 32. Re6 1-0

[Event "Helsingor Xtracon op"]
[Site "Helsingor"]
[Date "2016.07.28"]
[Round "7"]
[White "Hansen, Simon L"]
[Black "Nielsen, Morten"]
[Result "1/2-1/2"]
[WhiteElo "1636"]
[BlackElo "1965"]
[PlyCount "55"]
[EventDate "2016.07.23"]
[EventType "swiss"]
[EventRounds "10"]
[EventCountry "DEN"]
[SourceTitle "CBM 173 Extra"]
[Source "ChessBase"]
[SourceDate "2016.08.29"]
[SourceVersion "1"]
[SourceVersionDate "2016.08.29"]
[SourceQuality "1"]

1. Nf3 Nf6 2. g3 g6 3. Bg2 Bg7 4. 0-0 0-0 5. d4 d6 6. c4 Nc6 7. Nc3 a6 8. e4 Bg4 9. Be3 Nd7 10. Rc1 e5 11. d5 Nd4 12. h3 Nxf3+ 13. Bxf3 Bxh3 14. Bg2 Bxg2 15. Kxg2 f5 16. Qd2 Qf6 17. Bg5 Qf7 18. Rh1 fxe4 19. Rce1 Qf3+ 20. Kg1 Rf7 21. Nxe4 Nc5 22. Nxc5 dxc5 23. Rh4 b5 24. Be3 Bf8 25. b3 Bd6 26. Qe2 Qxe2 27. Rxe2 b4 28. Re4 1/2-1/2

[Event "Helsingor Xtracon op"]
[Site "Helsingor"]
[Date "2016.07.23"]
[Round "1"]
[White "Nielsen, Morten"]
[Black "Hestholm, Freddy"]
[Result "0-1"]
[WhiteElo "1965"]
[BlackElo "1281"]
[PlyCount "36"]
[EventDate "2016.07.23"]
[EventType "swiss"]
[EventRounds "10"]
[EventCountry "DEN"]
[SourceTitle "CBM 173 Extra"]
[Source "ChessBase"]
[SourceDate "2016.08.29"]
[SourceVersion "1"]
[SourceVersionDate "2016.08.29"]
[SourceQuality "1"]

1. e4 d5 2. exd5 Nf6 3. d4 Bg4 4. f3 Bf5 5. c4 e6 6. dxe6 Nc6 7. exf7+ Kxf7 8. Be3 Bb4+ 9. Kf2 Re8 10. Nc3 Rxe3 11. Kxe3 Qe7+ 12. Kf2 Re8 13. Qd2 Qd6 14. Nge2 Ne5 15. Ng3 Nd3+ 16. Bxd3 Qxd4+ 17. Kf1 Bxd3+ 18. Nge2 Bxe2+ 0-1

[Event "Politiken Cup 37th"]
[Site "Helsingor"]
[Date "2015.08.01"]
[Round "9"]
[White "Nielsen, Morten"]
[Black "Lofgren, Claes"]
[Result "1-0"]
[WhiteElo "1942"]
[BlackElo "2102"]
[PlyCount "121"]
[EventDate "2015.07.25"]
[EventType "swiss"]
[EventRounds "10"]
[EventCountry "DEN"]
[SourceTitle "CBM 167 Extra"]
[Source "ChessBase"]
[SourceDate "2015.09.14"]
[SourceVersion "1"]
[SourceVersionDate "2015.09.14"]
[SourceQuality "1"]

1. e4 c5 2. c3 d5 3. exd5 Qxd5 4. d4 Nc6 5. Nf3 Bf5 6. dxc5 Qxc5 7. Na3 e6 8. Nb5 Rc8 9. Be3 Qd5 10. Qxd5 exd5 11. Nxa7 Nxa7 12. Bxa7 Bc5 13. Bxc5 Rxc5 14. a4 Nf6 15. Bb5+ Ke7 16. 0-0 Rd8 17. Rfe1+ Kf8 18. Nd4 Bc8 19. f3 g6 20. Re3 Rc7 21. Rae1 Rc5 22. g4 h6 23. h4 Rc7 24. Kg2 Rc5 25. g5 hxg5 26. hxg5 Nh5 27. Re7 Nf4+ 28. Kg3 Nh5+ 29. Kf2 Nf4 30. Kg3 Nh5+ 31. Kh2 Ng7 32. Nb3 Rxb5 33. axb5 Ne6 34. R1xe6 fxe6 35. Rh7 e5 36. Nc5 d4 37. Rh8+ Ke7 38. Rxd8 Kxd8 39. Nd3 Bf5 40. Nxe5 d3 41. Nc4 Kc7 42. Kg3 Be6 43. Nd2 Kb6 44. Kf2 Kxb5 45. Ke3 Bf5 46. b3 Kc5 47. Ne4+ Kd5 48. Kxd3 Ke5 49. Ke3 b6 50. f4+ Ke6 51. Kd4 Bh3 52. Ng3 Kd6 53. c4 Bd7 54. b4 Bh3 55. Ne4+ Ke6 56. Nc3 Bg2 57. b5 Kf5 58. Nd5 Bh3 59. Ke3 Bf1 60. Nxb6 Ke6 61. Kd4 1-0

[Event "Politiken Cup 37th"]
[Site "Helsingor"]
[Date "2015.07.26"]
[Round "3"]
[White "Roder, Peter Ulrik"]
[Black "Nielsen, Morten"]
[Result "1-0"]
[WhiteElo "2144"]
[BlackElo "1942"]
[PlyCount "63"]
[EventDate "2015.07.25"]
[EventType "swiss"]
[EventRounds "10"]
[EventCountry "DEN"]
[SourceTitle "CBM 167 Extra"]
[Source "ChessBase"]
[SourceDate "2015.09.14"]
[SourceVersion "1"]
[SourceVersionDate "2015.09.14"]
[SourceQuality "1"]

1. d4 Nf6 2. c4 c5 3. d5 b5 4. cxb5 a6 5. Nc3 axb5 6. e4 b4 7. Nb5 d6 8. Bf4 g5 9. Bxg5 Nxe4 10. Bf4 Qa5 11. Bc4 Bg7 12. Qe2 b3+ 13. Kf1 f5 14. f3 0-0 15. fxe4 fxe4 16. g3 Nd7 17. Kg2 Nb6 18. Bd2 Qxd2 19. Qxd2 Nxc4 20. Qe2 Nxb2 21. Nc7 Ra4 22. Nh3 Bxh3+ 23. Kxh3 Nd3 24. axb3 Rxa1 25. Rxa1 Bxa1 26. Ne6 Rf3 27. Qa2 Bg7 28. Qa8+ Bf8 29. Ng5 Nf4+ 30. Kg4 h5+ 31. Kf5 Nd3+ 32. Kxe4 1-0

[Event "Politiken Cup 37th"]
[Site "Helsingor"]
[Date "2015.07.25"]
[Round "1"]
[White "Marin, Mihail"]
[Black "Nielsen, Morten"]
[Result "1-0"]
[WhiteElo "2579"]
[BlackElo "1942"]
[PlyCount "71"]
[EventDate "2015.07.25"]
[EventType "swiss"]
[EventRounds "10"]
[EventCountry "DEN"]
[SourceTitle "CBM 167 Extra"]
[Source "ChessBase"]
[SourceDate "2015.09.14"]
[SourceVersion "1"]
[SourceVersionDate "2015.09.14"]
[SourceQuality "1"]

1. c4 Nf6 2. Nc3 g6 3. e4 d6 4. d4 Bg7 5. Nf3 0-0 6. Be2 e5 7. 0-0 Nbd7 8. Qc2 Re8 9. Rd1 c6 10. d5 Qc7 11. Be3 Ng4 12. Bg5 f6 13. Bh4 Nh6 14. Nd2 g5 15. Bg3 Nf8 16. b4 f5 17. exf5 Nxf5 18. Nde4 h6 19. c5 dxc5 20. bxc5 Qa5 21. Nd6 Nxd6 22. cxd6 e4 23. dxc6 bxc6 24. Rac1 Bf5 25. Qd2 Qd8 26. Bc4+ Kh8 27. Bf7 Re5 28. Bxe5 Bxe5 29. Qe3 Qf6 30. Nxe4 Qxf7 31. Nxg5 hxg5 32. Qxe5+ Kg8 33. Rc5 Bg6 34. Rxc6 Qxa2 35. d7 Qa4 36. Rcd6 1-0

[Event "Politiken Cup 36th"]
[Site "Helsingor"]
[Date "2014.07.29"]
[Round "10"]
[White "Skou, Niels"]
[Black "Nielsen, Morten"]
[Result "1/2-1/2"]
[WhiteElo "2141"]
[BlackElo "1970"]
[PlyCount "67"]
[EventDate "2014.07.21"]
[EventType "swiss"]
[EventRounds "10"]
[EventCountry "DEN"]
[SourceTitle "CBM 161 Extra"]
[Source "ChessBase"]
[SourceDate "2014.08.29"]
[SourceVersion "1"]
[SourceVersionDate "2014.08.29"]
[SourceQuality "1"]

1. Nf3 Nf6 2. d4 c5 3. c4 cxd4 4. Nxd4 e5 5. Nf3 e4 6. Nd4 d5 7. g3 Nc6 8. cxd5 Qxd5 9. Be3 Ng4 10. Nc3 Nxe3 11. Nxd5 Nxd1 12. Rxd1 Bc5 13. Nb3 Bb6 14. Bg2 f5 15. f3 exf3 16. exf3 Be6 17. Ke2 0-0 18. Rhe1 Nd4+ 19. Nxd4 Bxd5 20. b3 Ba5 21. Rg1 Rfe8+ 22. Kf2 Rac8 23. Rd3 Bb6 24. Rgd1 Rc2+ 25. R1d2 Rec8 26. Ke2 Rc1 27. Rd1 Bxd4 28. Rxd4 R8c2+ 29. R1d2 Bc6 30. Rxc2 Rxc2+ 31. Rd2 Rxd2+ 32. Kxd2 Kf7 33. Ke3 Kf6 34. Bf1 1/2-1/2

[Event "Politiken Cup 36th"]
[Site "Helsingor"]
[Date "2014.07.27"]
[Round "8"]
[White "Eriksson, Christian Altenburg"]
[Black "Nielsen, Morten"]
[Result "1-0"]
[WhiteElo "2153"]
[BlackElo "1970"]
[PlyCount "77"]
[EventDate "2014.07.21"]
[EventType "swiss"]
[EventRounds "10"]
[EventCountry "DEN"]
[SourceTitle "CBM 161 Extra"]
[Source "ChessBase"]
[SourceDate "2014.08.29"]
[SourceVersion "1"]
[SourceVersionDate "2014.08.29"]
[SourceQuality "1"]

1. e4 Nf6 2. e5 Nd5 3. d4 d6 4. Nf3 Bg4 5. Be2 c6 6. 0-0 Bxf3 7. Bxf3 dxe5 8. dxe5 e6 9. Re1 Nd7 10. Nd2 Qc7 11. Nc4 N7b6 12. Qe2 h6 13. a3 0-0-0 14. Nxb6+ axb6 15. g3 g5 16. Bh5 b5 17. a4 b4 18. a5 Bc5 19. Qc4 Qe7 20. c3 Rhf8 21. cxb4 Nxb4 22. Be3 Na6 23. Bf3 Bxe3 24. Rxe3 Qb4 25. Qf1 Rd2 26. Rc3 Qxb2 27. Rcc1 Rc2 28. Rxc2 Qxc2 29. Rc1 Qa4 30. Bxc6 Qxa5 31. Ra1 Qb6 32. Bf3 Qb3 33. Kg2 Nb8 34. Rb1 Qa3 35. Bxb7+ Kd8 36. Qc4 Ke7 37. Qc7+ Nd7 38. Rd1 Qa4 39. Qd6+ 1-0

[Event "Politiken Cup 36th"]
[Site "Helsingor"]
[Date "2014.07.26"]
[Round "7"]
[White "Nielsen, Morten"]
[Black "Paulsson, Anders"]
[Result "1-0"]
[WhiteElo "1970"]
[BlackElo "1788"]
[PlyCount "70"]
[EventDate "2014.07.21"]
[EventType "swiss"]
[EventRounds "10"]
[EventCountry "DEN"]
[SourceTitle "CBM 161 Extra"]
[Source "ChessBase"]
[SourceDate "2014.08.29"]
[SourceVersion "1"]
[SourceVersionDate "2014.08.29"]
[SourceQuality "1"]

1. e4 c6 2. c4 e6 3. d4 d5 4. cxd5 exd5 5. e5 Bf5 6. Nc3 Nd7 7. Bd3 Bxd3 8. Qxd3 Nb6 9. Qg3 Ne7 10. Nge2 Ng6 11. f4 Be7 12. 0-0 h5 13. f5 Bh4 14. Qh3 Nf8 15. f6 g5 16. g3 g4 17. Qg2 Ng6 18. Qf2 Qc7 19. gxh4 0-0-0 20. Bg5 Rde8 21. Rac1 a6 22. a4 Rhg8 23. a5 Nc4 24. Nxd5 Qxa5 25. Ne7+ Nxe7 26. fxe7 Nd2 27. Bxd2 Qxd2 28. Nc3 Qxf2+ 29. Rxf2 Rxe7 30. Nd5 Re6 31. Rxf7 Kb8 32. Nf6 Rd8 33. Nd7+ Ka7 34. Nc5 Ree8 35. Rxb7+ Ka8 1-0

[Event "Politiken Cup 36th"]
[Site "Helsingor"]
[Date "2014.07.23"]
[Round "4"]
[White "Maechel, Michael"]
[Black "Nielsen, Morten"]
[Result "0-1"]
[WhiteElo "1718"]
[BlackElo "1970"]
[PlyCount "58"]
[EventDate "2014.07.21"]
[EventType "swiss"]
[EventRounds "10"]
[EventCountry "DEN"]
[SourceTitle "CBM 161 Extra"]
[Source "ChessBase"]
[SourceDate "2014.08.29"]
[SourceVersion "1"]
[SourceVersionDate "2014.08.29"]
[SourceQuality "1"]

1. e4 Nf6 2. e5 Nd5 3. d4 d6 4. c4 Nb6 5. exd6 exd6 6. Nf3 Bg4 7. b3 Be7 8. Bd3 0-0 9. 0-0 Bf6 10. Bb2 c5 11. Be2 Nc6 12. Na3 Bxf3 13. Bxf3 Nxd4 14. Bxb7 Rb8 15. Bd5 Nxd5 16. cxd5 Nf3+ 17. gxf3 Bxb2 18. Nc4 Bxa1 19. Qxa1 Qg5+ 20. Kh1 Qxd5 21. Rg1 Qxf3+ 22. Rg2 f6 23. Kg1 Rbe8 24. Rg3 Qe2 25. Ne3 d5 26. Qb1 d4 27. Rh3 dxe3 28. Qxh7+ Kf7 29. fxe3 Rxe3 0-1

[Event "Politiken Cup 36th"]
[Site "Helsingor"]
[Date "2014.07.22"]
[Round "3"]
[White "Nielsen, Morten"]
[Black "Leutwyler, Martin"]
[Result "0-1"]
[WhiteElo "1970"]
[BlackElo "2190"]
[PlyCount "88"]
[EventDate "2014.07.21"]
[EventType "swiss"]
[EventRounds "10"]
[EventCountry "DEN"]
[SourceTitle "CBM 161 Extra"]
[Source "ChessBase"]
[SourceDate "2014.08.29"]
[SourceVersion "1"]
[SourceVersionDate "2014.08.29"]
[SourceQuality "1"]

1. e4 c6 2. c4 d5 3. exd5 cxd5 4. cxd5 Nf6 5. Bb5+ Nbd7 6. Nc3 a6 7. Bxd7+ Qxd7 8. Qb3 Qg4 9. g3 g6 10. d4 Bg7 11. Bf4 0-0 12. h3 Qf5 13. Nge2 b5 14. Be5 Bb7 15. Nf4 g5 16. g4 Qc8 17. Nh5 Nxh5 18. gxh5 f6 19. Bg3 Kh8 20. 0-0-0 Qf5 21. Qc2 Qxc2+ 22. Kxc2 b4 23. Na4 Bxd5 24. Rhe1 Bf3 25. Rxe7 Bxd1+ 26. Kxd1 Rfd8 27. Bc7 Rxd4+ 28. Ke2 Bf8 29. Rf7 Re4+ 30. Kd3 Re7 31. Rxe7 Bxe7 32. Nb6 Ra7 33. Nd5 Kg7 34. Kc4 Kf7 35. Bb6 Rb7 36. b3 Bd6 37. Bd4 f5 38. Bc5 Bxc5 39. Kxc5 a5 40. Kc6 Rb8 41. Nb6 Re8 42. Nc4 Re2 43. Nxa5 Rxf2 44. Kc5 g4 0-1

[Event "Copenhagen Obro New Year op"]
[Site "Copenhagen"]
[Date "2013.12.30"]
[Round "7"]
[White "Nielsen, Morten"]
[Black "Dreisler, Tobias"]
[Result "0-1"]
[WhiteElo "1979"]
[BlackElo "1957"]
[PlyCount "74"]
[EventDate "2013.12.27"]
[EventType "swiss"]
[EventRounds "7"]
[EventCountry "DEN"]
[SourceTitle "EXT 2018"]
[Source "ChessBase"]
[SourceDate "2017.10.13"]
[SourceVersion "1"]
[SourceVersionDate "2017.10.13"]
[SourceQuality "1"]

1. e4 c5 2. c3 g6 3. d4 cxd4 4. cxd4 d5 5. exd5 Nf6 6. Bb5+ Bd7 7. Bc4 b5 8. Bb3 Bf5 9. Bg5 Bg7 10. Qe2 a6 11. Bxf6 Bxf6 12. Nf3 0-0 13. 0-0 Nd7 14. a4 Qb6 15. a5 Qd6 16. h3 Bg7 17. Nbd2 Nf6 18. g4 Bc8 19. Rfc1 Bb7 20. Qe5 Rac8 21. Qxd6 exd6 22. Ng5 Bxd5 23. Bxd5 Nxd5 24. Nb3 Rxc1+ 25. Nxc1 Bxd4 26. Ne2 Bxb2 27. Rd1 Nc3 28. Nxc3 Bxc3 29. Rxd6 Bxa5 30. Rxa6 Bc7 31. Ne4 Rb8 32. g5 b4 33. Nf6+ Kg7 34. Nd5 Be5 35. Rc6 b3 36. Rc1 b2 37. Rb1 Rc8 0-1

[Event "Politiken Cup 35th"]
[Site "Helsingor"]
[Date "2013.08.02"]
[Round "8"]
[White "Henriksen, Geir Ivar"]
[Black "Nielsen, Morten"]
[Result "1-0"]
[WhiteElo "2215"]
[BlackElo "1965"]
[PlyCount "49"]
[EventDate "2013.07.27"]
[EventType "swiss"]
[EventRounds "10"]
[EventCountry "DEN"]
[SourceTitle "CBM 155 Extra"]
[Source "ChessBase"]
[SourceDate "2013.08.26"]
[SourceVersion "1"]
[SourceVersionDate "2013.08.26"]
[SourceQuality "1"]

1. c4 Nf6 2. g3 g6 3. Bg2 Bg7 4. Nc3 0-0 5. e4 d6 6. Nge2 Nc6 7. d3 e5 8. 0-0 Nd4 9. Nxd4 exd4 10. Ne2 Nd7 11. b4 a5 12. b5 c5 13. bxc6 bxc6 14. Rb1 Ra7 15. h3 c5 16. Bd2 Bb7 17. g4 f5 18. gxf5 gxf5 19. Ng3 f4 20. Nf5 Qg5 21. h4 Qf6 22. Bxf4 Ne5 23. Bg5 Qe6 24. f4 Ng6 25. Bh3 1-0

[Event "Politiken Cup 35th"]
[Site "Helsingor"]
[Date "2013.07.30"]
[Round "5"]
[White "Nielsen, Morten"]
[Black "Klings, Peter"]
[Result "0-1"]
[WhiteElo "1965"]
[BlackElo "2167"]
[PlyCount "60"]
[EventDate "2013.07.27"]
[EventType "swiss"]
[EventRounds "10"]
[EventCountry "DEN"]
[SourceTitle "CBM 155 Extra"]
[Source "ChessBase"]
[SourceDate "2013.08.26"]
[SourceVersion "1"]
[SourceVersionDate "2013.08.26"]
[SourceQuality "1"]

1. e4 g6 2. d4 Bg7 3. Nc3 d6 4. Be2 a6 5. Be3 b5 6. a3 Bb7 7. Bf3 Nd7 8. g4 e6 9. Qd2 h6 10. h4 c5 11. dxc5 dxc5 12. 0-0-0 Ne7 13. Bg2 Bc6 14. f4 b4 15. axb4 cxb4 16. Nb1 Qc7 17. Ne2 Rc8 18. Nd4 Bb7 19. f5 Nc5 20. Qf2 Bxd4 21. Rxd4 Nb3+ 22. Kd1 Nxd4 23. Bxd4 e5 24. Bb6 Qd6+ 25. Kc1 Qf6 26. Be3 gxf5 27. gxf5 Rg8 28. Bf3 Qc6 29. Rd1 Nxf5 30. Bh5 Qxc2+ 0-1

[Event "Politiken Cup 35th"]
[Site "Helsingor"]
[Date "2013.07.29"]
[Round "4"]
[White "Bratteteig, Tore Inge"]
[Black "Nielsen, Morten"]
[Result "0-1"]
[WhiteElo "1692"]
[BlackElo "1965"]
[PlyCount "42"]
[EventDate "2013.07.27"]
[EventType "swiss"]
[EventRounds "10"]
[EventCountry "DEN"]
[SourceTitle "CBM 155 Extra"]
[Source "ChessBase"]
[SourceDate "2013.08.26"]
[SourceVersion "1"]
[SourceVersionDate "2013.08.26"]
[SourceQuality "1"]

1. c4 Nf6 2. Nc3 g6 3. g3 Bg7 4. Bg2 0-0 5. Nf3 Nc6 6. d4 d6 7. 0-0 a6 8. a3 Rb8 9. e4 Bg4 10. Be3 Nd7 11. b4 e5 12. d5 Nd4 13. h3 Nxf3+ 14. Bxf3 Bxh3 15. Bg2 Bxg2 16. Kxg2 f5 17. Qd2 f4 18. gxf4 exf4 19. Bd4 f3+ 20. Kh3 Bxd4 21. Qxd4 Rf4 0-1

[Event "Copenhagen Obro New Year op"]
[Site "Copenhagen"]
[Date "2012.12.27"]
[Round "2"]
[White "Nilssen, John Arni"]
[Black "Nielsen, Morten"]
[Result "1/2-1/2"]
[WhiteElo "2363"]
[BlackElo "1969"]
[PlyCount "82"]
[EventDate "2012.12.27"]
[EventType "swiss"]
[EventRounds "7"]
[EventCountry "DEN"]
[SourceTitle "CBM 152 Extra"]
[Source "ChessBase"]
[SourceDate "2013.02.25"]
[SourceVersion "1"]
[SourceVersionDate "2013.02.25"]
[SourceQuality "1"]

1. d4 Nf6 2. c4 c5 3. d5 b5 4. cxb5 a6 5. b6 e6 6. Nc3 Nxd5 7. Nxd5 exd5 8. Qxd5 Nc6 9. Nf3 Qf6 10. Bd2 Rb8 11. Bc3 Qe6 12. Qxe6+ fxe6 13. e3 Rxb6 14. a3 d5 15. Bd3 d4 16. exd4 cxd4 17. Bd2 Rxb2 18. Ke2 Bd6 19. Rhb1 Rxb1 20. Rxb1 e5 21. Ng5 h6 22. Ne4 Bxa3 23. Ra1 Be7 24. Bxa6 Bxa6+ 25. Rxa6 Kd7 26. Kd3 Rc8 27. Rb6 Kc7 28. Rb5 Rb8 29. Kc4 Rxb5 30. Kxb5 Nd8 31. f4 exf4 32. Bxf4+ Kd7 33. Be5 Ne6 34. Kc4 g5 35. g4 Nf4 36. Bxf4 gxf4 37. Kxd4 Ke6 38. Nd2 Kf6 39. Nf3 Kg6 40. Ke5 h5 41. h3 hxg4 1/2-1/2

[Event "Paris-ch op-B 87th"]
[Site "Paris"]
[Date "2012.07.11"]
[Round "5"]
[White "Trommsdorf, Fro"]
[Black "Nielsen, Morten"]
[Result "1/2-1/2"]
[WhiteElo "2037"]
[BlackElo "1937"]
[PlyCount "140"]
[EventDate "2012.07.07"]
[EventType "swiss"]
[EventRounds "9"]
[EventCountry "FRA"]
[SourceTitle "EXT 2013"]
[Source "ChessBase"]
[SourceDate "2012.11.22"]
[SourceVersion "1"]
[SourceVersionDate "2012.11.22"]
[SourceQuality "1"]

1. Nf3 Nf6 2. d4 c5 3. c3 d5 4. g3 b6 5. Bg2 Bb7 6. Nbd2 Nbd7 7. 0-0 Qc7 8. b3 e6 9. Bb2 Bd6 10. c4 0-0 11. Rc1 Rac8 12. Re1 Qb8 13. cxd5 exd5 14. Bh3 Rcd8 15. Qc2 h6 16. Nh4 cxd4 17. Bxd4 Be5 18. Ndf3 Bxd4 19. Nxd4 Rc8 20. Qb2 Qe5 21. Nhf3 Qe4 22. Nf5 Rxc1 23. Rxc1 Ba6 24. N3d4 Nc5 25. Rc3 Qe8 26. Re3 Qa8 27. Nc6 Nce4 28. Bg2 Kh7 29. Nb4 Bc8 30. Nd4 Bb7 31. f3 Nd6 32. Nd3 Re8 33. Qd2 Rxe3 34. Qxe3 Qe8 35. Ne5 Nd7 36. Qd3+ g6 37. Ng4 f5 38. Nf2 Nc5 39. Qd2 Qe5 40. e3 Qe7 41. Bf1 Ne6 42. Nxe6 Qxe6 43. Qd4 Nf7 44. Nd3 Qe7 45. b4 Ng5 46. Kf2 Qg7 47. b5 Qxd4 48. exd4 Ne6 49. Ke3 Kg7 50. Nb4 Kf6 51. Bd3 Ke7 52. Bc2 Kd6 53. h4 Ng7 54. Nd3 g5 55. Ne5 Ke6 56. hxg5 hxg5 57. g4 fxg4 58. fxg4 a6 59. a4 axb5 60. axb5 Ne8 61. Bf5+ Ke7 62. Bd7 Nf6 63. Bf5 Ne8 64. Nf3 Kf6 65. Bd7 Nd6 66. Ne5 Bc8 67. Bxc8 Nxc8 68. Kd3 Nd6 69. Nd7+ Ke6 70. Nxb6 Nxb5 1/2-1/2

[Event "Borup op 5th"]
[Site "Borup"]
[Date "2010.09.12"]
[Round "9"]
[White "Nielsen, Morten"]
[Black "Pedersen, Henrik Dahl"]
[Result "0-1"]
[WhiteElo "1935"]
[BlackElo "2235"]
[PlyCount "54"]
[EventDate "2010.09.03"]
[EventType "swiss"]
[EventRounds "9"]
[EventCountry "DEN"]
[SourceTitle "CBM 138 Extra"]
[Source "ChessBase"]
[SourceDate "2010.10.29"]
[SourceVersion "1"]
[SourceVersionDate "2010.10.29"]
[SourceQuality "1"]

1. e4 c5 2. f4 Nc6 3. Nf3 g6 4. c3 d5 5. e5 Bg4 6. Bb5 Qb6 7. a4 e6 8. h3 Bxf3 9. Qxf3 Nge7 10. 0-0 h5 11. g3 Nf5 12. Rd1 Be7 13. Bxc6+ bxc6 14. a5 Qb3 15. Kh2 g5 16. d3 g4 17. Qe2 h4 18. Ra3 hxg3+ 19. Kg1 Qb7 20. hxg4 Rh2 21. Qe1 0-0-0 22. Nd2 Rdh8 23. Nf1 Rh1+ 24. Kg2 Nh4+ 25. Kxg3 Ng6 26. Kg2 Nxf4+ 27. Kg3 R8h3+ 0-1

[Event "Borup op 5th"]
[Site "Borup"]
[Date "2010.09.09"]
[Round "5"]
[White "Nielsen, Morten"]
[Black "Mollmann, Erik"]
[Result "1-0"]
[WhiteElo "1935"]
[BlackElo "1694"]
[PlyCount "31"]
[EventDate "2010.09.03"]
[EventType "swiss"]
[EventRounds "9"]
[EventCountry "DEN"]
[SourceTitle "CBM 138 Extra"]
[Source "ChessBase"]
[SourceDate "2010.10.29"]
[SourceVersion "1"]
[SourceVersionDate "2010.10.29"]
[SourceQuality "1"]

1. e4 Nc6 2. Nc3 e6 3. d4 d5 4. e5 Nge7 5. Nf3 a6 6. h4 Nf5 7. g4 Nh6 8. Bxh6 gxh6 9. Qd2 f6 10. exf6 Qxf6 11. Qe3 Bd7 12. Nxd5 Qd8 13. 0-0-0 Ne7 14. Nf6+ Kf7 15. Nxd7 Qxd7 16. Ne5+ 1-0

[Event "Borup op 5th"]
[Site "Borup"]
[Date "2010.09.05"]
[Round "4"]
[White "Andersen, Morten"]
[Black "Nielsen, Morten"]
[Result "1-0"]
[WhiteElo "2179"]
[BlackElo "1935"]
[PlyCount "71"]
[EventDate "2010.09.03"]
[EventType "swiss"]
[EventRounds "9"]
[EventCountry "DEN"]
[SourceTitle "CBM 138 Extra"]
[Source "ChessBase"]
[SourceDate "2010.10.29"]
[SourceVersion "1"]
[SourceVersionDate "2010.10.29"]
[SourceQuality "1"]

1. f4 d5 2. Nf3 c5 3. g3 Nc6 4. Bg2 f6 5. d3 e5 6. fxe5 fxe5 7. e4 d4 8. c3 Bg4 9. 0-0 Qd7 10. Qb3 0-0-0 11. cxd4 Nxd4 12. Nxd4 Qxd4+ 13. Kh1 Nf6 14. Nc3 Qxd3 15. Bg5 Qa6 16. Bxf6 gxf6 17. Qf7 Bd6 18. Qxf6 h5 19. Qg5 Rdf8 20. Qd2 Rxf1+ 21. Rxf1 Rf8 22. Rxf8+ Bxf8 23. Qg5 Qh6 24. h4 Qxg5 25. hxg5 Kd7 26. Bf1 Bd6 27. Kg2 Ke7 28. Bc4 Kf8 29. Bd5 b6 30. g6 Kg7 31. Bf7 Be7 32. Nb5 a5 33. Nc7 h4 34. gxh4 Bxh4 35. Ne8+ Kf8 36. Bd5 1-0